Procedimiento penal mixto (Registro nro. 7172)
[ vista simple ]
| 000 -LEADER | |
|---|---|
| fixed length control field | 01211 a2200217 4500 |
| 001 - CONTROL NUMBER | |
| control field | 60982 |
| 005 - DATE AND TIME OF LATEST TRANSACTION | |
| control field | 20260407155900.0 |
| 008 - FIXED-LENGTH DATA ELEMENTS--GENERAL INFORMATION | |
| fixed length control field | 260407a1968 arg spa d |
| 003 - CONTROL NUMBER IDENTIFIER | |
| control field | AR-UNSa-BCEJYS |
| 040 ## - CATALOGING SOURCE | |
| Original cataloging agency | AR-UNSa-BCEJYS |
| Language of cataloging | spa |
| Transcribing agency | AR-UNSa-BCEJYS |
| 080 ## - UNIVERSAL DECIMAL CLASSIFICATION NUMBER | |
| Universal Decimal Classification number | 343.13 |
| Common auxiliary subdivision | Procedimiento penal. Derecho procesal penal |
| 041 ## - LANGUAGE CODE | |
| Language code of text/sound track or separate title | spa |
| 100 1# - MAIN ENTRY--PERSONAL NAME | |
| Personal name | Vázquez Iruzubieta, Carlos |
| 245 10 - TITLE STATEMENT | |
| Title | Procedimiento penal mixto |
| 264 #1 - PRODUCTION, PUBLICATION, DISTRIBUTION, MANUFACTURE, AND COPYRIGHT NOTICE | |
| Place of production, publication, distribution, manufacture | Buenos Aires : |
| Name of producer, publisher, distributor, manufacturer | Plus Ultra |
| Date of production, publication, distribution, manufacture, or copyright notice | 1968 |
| 300 ## - PHYSICAL DESCRIPTION | |
| Extent | 3 v. |
| Dimensions | 23 cm. |
| 505 ## - FORMATTED CONTENTS NOTE | |
| Formatted contents note | 1. Disposiciones Generales: 1. Garantías fundamentales, interpretación y aplicación de la ley – 2. Acciones que nacen del delito – 3. El juez – 4. Las partes y los defensores – 5. Actos procesales – 2. Introducción: 1. Actos iniciales – 2. Disposiciones generales sobre la instrucción – 3. Medios de prueba – 4. Situación del imputado – 5. Sobreseimiento – 6. Excepciones – 7. Clausura de la instrucción y elevación a juicio – 3. Juicios, Recursos, Ejecución: 1. Juicio común – 2. Juicios especiales – 3. Recursos – 4. Ejecución penal – 5. Ejecución civil – 6. Costas |
| 590 ## - LOCAL NOTE (RLIN) | |
| Local note | niveau_biblio:m niveau_hierar:0 |
| 700 1# - ADDED ENTRY--PERSONAL NAME | |
| Personal name | Castro, R.A. |
| 942 ## - ADDED ENTRY ELEMENTS (KOHA) | |
| Koha item type | |
| Withdrawn status | Lost status | Damaged status | Not for loan | Home library | Current library | Shelving location | Date acquired | Total checkouts | Full call number | Barcode | Date last seen | Price effective from | Koha item type |
|---|---|---|---|---|---|---|---|---|---|---|---|---|---|
| Biblioteca Prof. Eusebio Cleto del Rey | Biblioteca Prof. Eusebio Cleto del Rey | 07/04/2026 | 343.13 V393 v.1 | L24993 | 07/04/2026 | 07/04/2026 | Libro | ||||||
| Biblioteca Prof. Eusebio Cleto del Rey | Biblioteca Prof. Eusebio Cleto del Rey | 07/04/2026 | 343.13 V393 v.2 | L24994 | 07/04/2026 | 07/04/2026 | Libro | ||||||
| Biblioteca Prof. Eusebio Cleto del Rey | Biblioteca Prof. Eusebio Cleto del Rey | 07/04/2026 | 343.13 V393 v.3 | L24995 | 07/04/2026 | 07/04/2026 | Libro |